000 00592nam a2200181 a 4500
001 000006875
005 20200929154020.0
008 090903s2001 dr a 001 0 spa d
020 _a99934331208
040 _aDO-SdBNP
_bspa
_cBNPHU
082 _axxx
_bL581b
100 1 _aLeonardo de Nuñez, Reina
_919078
245 1 0 _aBrindis poético :
_b¡500 pensamientos para la juventud de hoy y los hombres de mañana! /
_cReina Leonardo de Nuñez.
250 _a2a ed.
260 _aSanto Domingo, :
_bMediabyte,
_c2001.
300 _a70 p. :
_bil ;
_c21 cm.
700 1 _aBáez, Gloria
_eprólogo
_919079
999 _c6663
_d6663